Predbežná bilancia hrubej poľnohospodárskej produkcie za rok 1991 v SR - v stálych cenách rok 1989
Enregistré dans:
| Format: | Livre |
|---|---|
| Langue: | slovaque |
| Publié: |
Bratislava
Slovenský štatistický úrad
1991
|
| Collection: | Slovenská štatistika
17 |
| Sujets: | |
| Tags: |
Pas de tags, Soyez le premier à ajouter un tag!
|
MARC
| LEADER | 00000nam a2200000 4500 | ||
|---|---|---|---|
| 001 | c019478 | ||
| 005 | 20250522120554.3 | ||
| 041 | 0 | |a slo | |
| 044 | |a SK | ||
| 245 | 1 | 0 | |a Predbežná bilancia hrubej poľnohospodárskej produkcie za rok 1991 v SR - v stálych cenách rok 1989 |
| 264 | 1 | |a Bratislava |b Slovenský štatistický úrad |c 1991 | |
| 300 | |a 19 s. | ||
| 490 | 1 | |a Slovenská štatistika |v 17 | |
| 830 | 0 | |a Slovenská štatistika |v 17 | |
| 610 | 2 | 0 | |a Slovensko |
| 610 | 2 | 0 | |a poľnohospodárstvo |
| 610 | 2 | 0 | |a produkcia |
| 610 | 2 | 0 | |a ceny |